| 000 | 00788nam a2200241 a 4500 | ||
|---|---|---|---|
| 001 | 000037917 | ||
| 005 | 20240530073921.0 | ||
| 008 | 110318s2012 dr r 000 f spa d | ||
| 020 | _z9993494402 | ||
| 040 |
_aDO-SdBNP _bspa _cBNPHU |
||
| 082 |
_aRD863.3 _bB719m, 2012 |
||
| 100 | 1 |
_aBonó, Pedro Francisco, _d1828-1906 _91351 |
|
| 245 | 1 | 3 |
_aEl montero / _cPedro Francisco Bonó. |
| 260 |
_aSanto Domingo : _bLetragráfica, _c2012. |
||
| 300 |
_a87 p. ; _c17 cm. |
||
| 490 | 1 | _aObras clásicas dominicanas | |
| 500 | _aIncluye datos biográficos del autor en la solapa | ||
| 590 | _aInventariado, 2019 / DG | ||
| 650 | 0 |
_aNovela dominicana _9223 |
|
| 650 | 0 |
_aLiteratura dominicana. _967 |
|
| 830 | 0 |
_aObras clásicas dominicanas _91670 |
|
| 910 | _aValidado. Control de calidad MFF | ||
| 999 |
_c37407 _d37407 |
||